00576 a2200181 4500003000400000005001700004008004100021020001800062040000900080082001900089100002300108245002600131260003900157300000800196942004400204952012900248999001700377OSt20231218145152.0231218b |||||||| |||| 00| 0 eng d a9789388084736 coclc a891.431bKAM/Y aKamal, Arun910153 aYOGPHAL /cArun Kamal aNew Delhi:bVani Prakashan,c2019. a92p 2ddccBKh891.431iKAM/Yk891.431mKAM/Y 00102ddc40708POEaMESbMEScHINd2023-12-18l0o891.431 KAM/Yp43114r2023-12-18 14:52:30v295.00w2023-12-18yBKzGR6R5 c43480d43480